zpět

Detail výsledku týmu

Music Bar Forea, Lanškroun

Datum a čas kvízu

22.5 Celkem bodů Celkový počet nahraných bodů na tomto kvízu bez doplňovacích otázek.
6. Pořadí na kvízu Konečné umístění týmu na tomto kvízu.

Zaznamenané odpovědi

# Otázka Odpověď Body Výsledky
1. Minulé úterý jsme si mohli pov... autismus, modrá barva 1
2. Americká novinářská asociace v... Air Force One 0
3. Ve středu zveřejnil americký č... Taylor Swift 1
4. Minulý týden jsme se dozvěděli... Portál občana 0
5. V pondělí odpoledne bylo oznám... Formule 1 1
6. Zobrazený anglický lékař roku... William Harvey 0
7. Ve kterém orgánu lidského těla... ve slezině 0
8. Vyberte pravdivé tvrzení: D 0
9. Hemofilie je geneticky podmíně... Alexej; chromozom X 0.5
10. Někteří bezobratlí živočichové... hemolymfa; krvomíza 0